1546 1624 1053 1401 1690 1887 1922 1122 1137 1072 1849 1004 1774 1764 1799 1713 1437 1338 1846 1169 1575 1917 1355 1772 1120 1993 1966 1920 1115 1753 1624 1257 1803 1552 1334 1183 1777 1407 1138 1625 1021 1228 1614 1728 1831 1643 1945 1515 1495 1395 1788 1740 1678 1697 1325 1075 1939 1334 1451 1282 1541 1737 1825 1233 1317 1150 1208 1669 1037 1703 1687 1709 1082 1179 1104 1816 1387 1132 1803 1532 1995 1225 1574 1089 1260 1974 1570 1574 1725 1185 1214 1476 1553 1813 1974 1476 1028 1171 1596 BCNSPRNW ULIB Ver.6.0+V

เปลี่ยนเป็นภาษาไทย

Change to English
 แสดงรายละเอียดบรรณานุกรม
  กลับหน้าหลัก

Brief Record : Get Marc (ISO 2709) : E-mail record : QR code < ปิดหน้าต่าง
LEADER : 00000nam 2200000uu 4500
001    13399127466
003     ULIB
008    200604s2015||||th 000 0 tha d
020    ^a9781506259857 (pbk.)
050  4 ^aPE1128^bS532T
100 1  ^aSharpe, Pamela J.
245 10 ^aTOEFL strategies and tips :^boutsmart the TOEFL /^cPamelaJ. Sharpe
246 30 ^aBarron s TOEFL strategies and tips : outsmart the TOEFL
246 30 ^aOutsmart the TOEFL
250    ^a2nd ed.
260    ^aHauppauge, N.Y. :^bBarron s Educational series,^c2015
300    ^ax, 453 p. :^bill. ;^c28 cm. +^e1 CD-ROM
650  0 ^aTest of English as a Foreign Language^vStudy guides
650  0 ^aEnglish language^vTextbooks for foreign speakers
650  0 ^aEnglish language^xExaminations^vStudy guides
653    ^aTOEFL
945    ^p0^l0^i28372
999    ^aกัณชพร จุลอักษร
รายการนี้ยังไม่มีแท็ก
คุณยังไม่ได้ล็อกอิน คุณสามารถมีกิจกรรมร่วมกับเว็บไซต์ได้ แต่ต้องล็อกอินก่อน ::
  ล็อกอิน

รายการสื่อสารสนเทศ

ลำดับที่ ประเภท เลขเรียก/บาร์โค้ด สถานที่ สถานะ
1. หนังสือสำรอง
หนังสือสำรอง
PE1128 S532T ฉ.1 
  Barcode: 28372
ห้องสมุดวิทยาเขตนครสวรรค์
►หนังสือทั่วไป:l:General Books
บนชั้น

รายการใกล้เคียง
    ผู้แต่ง [Sharpe, Pamela J.]

BibComment


ยังไม่เคยถูกคอมเมนท์

คอมเมนท์ทรัพยากรรายการนี้
  คอมเมนท์: TOEFL strategies..


 Copyright 2026. Bcnsprnw @Library